000 00742cam a22002533a 4500
001 15098
003 PGUSA
005 20140828083326.0
008 050218s2005||||xxu|||||s|||||000 | eng d
040 _aPGUSA
_beng
042 _adc
050 4 _aB
100 1 _aMorley, John,
_d1838-1923
245 1 0 _aDiderot and the Encyclopædists (Vol 1 of 2)
_h[electronic resource] /
_cJohn Morley
260 _bProject Gutenberg,
_c2005
506 _aPublic domain in the USA.
516 _aElectronic text
653 _aDiderot, Denis, 1713-1784
653 _aEncyclopedists
740 0 _aDiderot and the Encyclopaedists (Vol 1 of 2)
830 0 _aProject Gutenberg
_v15098
856 4 0 _uhttp://www.gutenberg.org/ebooks/15098
942 _cEB
999 _c244353
_d244353